MAASAI MARA UNIVERSITY

LIBRARY CATALOGUE

Contact Us: +254 020 2685356/7 or 0774 057787

Box: 861-20500, NAROK, KENYA

Email: info@mmarau.ac.ke

How to succeed in college (while really trying) : (Record no. 21009)

MARC details
000 -LEADER
fixed length control field 01055nam a22002897a 4500
003 - CONTROL NUMBER IDENTIFIER
control field OSt
005 - DATE AND TIME OF LATEST TRANSACTION
control field 20210430105249.0
008 - FIXED-LENGTH DATA ELEMENTS--GENERAL INFORMATION
fixed length control field 170123b xxu||||| |||| 00| 0 eng d
020 ## - INTERNATIONAL STANDARD BOOK NUMBER
International Standard Book Number 9780226304656 (hardcover : alkaline paper)
020 ## - INTERNATIONAL STANDARD BOOK NUMBER
International Standard Book Number 9780226304663 (paperback : alkaline paper)
020 ## - INTERNATIONAL STANDARD BOOK NUMBER
International Standard Book Number 0226304655 (hardcover : alkaline paper)
020 ## - INTERNATIONAL STANDARD BOOK NUMBER
International Standard Book Number 0226304663 (paperback : alkaline paper)
040 ## - CATALOGING SOURCE
Original cataloging agency MMU
Language of cataloging eng
Transcribing agency MMU
Description conventions MMU
050 00 - LIBRARY OF CONGRESS CALL NUMBER
Classification number LB1027.5
Item number .G635 2012
100 1# - MAIN ENTRY--PERSONAL NAME
Personal name Gould, Jon B.
245 10 - TITLE STATEMENT
Title How to succeed in college (while really trying) :
Remainder of title a professor's inside advice /
Statement of responsibility, etc. Jon B. Gould.
260 ## - PUBLICATION, DISTRIBUTION, ETC. (IMPRINT)
Place of publication, distribution, etc. London :
Name of publisher, distributor, etc. The University of Chicago Press,
Date of publication, distribution, etc. 2012.
264 #1 - PRODUCTION, PUBLICATION, DISTRIBUTION, MANUFACTURE, AND COPYRIGHT NOTICE
Name of producer, publisher, distributor, manufacturer ,
300 ## - PHYSICAL DESCRIPTION
Extent xi, 168 p. :
Dimensions 24 cm.
336 ## - CONTENT TYPE
Content type term text
Source rdacontent
337 ## - MEDIA TYPE
Media type term unmediated
Source rdamedia
338 ## - CARRIER TYPE
Carrier type term volume
Source rdacarrier
500 ## - GENERAL NOTE
General note Includes bibliographical references and index.
650 #0 - SUBJECT ADDED ENTRY--TOPICAL TERM
Topical term or geographic name as entry element Educational counseling
Form subdivision Handbooks, manuals, etc.
650 #0 - SUBJECT ADDED ENTRY--TOPICAL TERM
Topical term or geographic name as entry element Counseling in higher education
Form subdivision Handbooks, manuals, etc.
942 ## - ADDED ENTRY ELEMENTS (KOHA)
Source of classification or shelving scheme Library of Congress Classification
Koha item type SL
Holdings
Withdrawn status Lost status Source of classification or shelving scheme Damaged status Not for loan Home library Current library Date acquired Source of acquisition Total Checkouts Full call number Barcode Date last seen Date last checked out Price effective from Koha item type
    Library of Congress Classification     Maasai Mara University Library -Main Campus Maasai Mara University Library -Main Campus 01/23/2017 Donation -T4C 4 LB1027.5 .G635 2012 17020486 02/08/2018 02/07/2018 01/23/2017 SL
© 2016 Maasai Mara University.